Journal of hospitality marketing and management :

Αποθηκεύτηκε σε:
Λεπτομέρειες βιβλιογραφικής εγγραφής
Μορφή: Περιοδική έκδοση
Γλώσσα:English
Δημοσίευση: Philadelphia : Routledge : Taylor & Francis, 1992-
Θέματα:
Ετικέτες: Προσθήκη ετικέτας
Δεν υπάρχουν, Καταχωρήστε ετικέτα πρώτοι!

MARC

LEADER 00000nas a2200000 a 4500
001 1/110260
008 160309c19929999us | # | |eng||
022 |a 1936-8623   |l 1936-8631 (online)  
040 |a GR-MyUa  |b gre  |c GR-MyUa  |e AACR2 
041 0 |a eng 
082 7 |a 657.940688   |2 (23)  
222 ? |a Journal of hospitality marketing management   |b (Online)  
222 ? |a Journal of hospitality marketing & management   |b (Online)  
245 0 0 |a Journal of hospitality marketing and management :   |h [περιοδικό].  
246 1 |i Άλλες παραλλαγές του τίτλου:   |a Journal of hospitality marketing & management   |h [περιοδικό]  
260 |a Philadelphia :   |b Routledge :   |b Taylor & Francis,   |c 1992-  
300 |a τ.   |b διαγρ., πίν. ;   |c 25 εκ.  
310 |a Τριμηνιαίο  
362 0 |a Vol.1, issue no.1-2 (1992)-  
588 |a Πηγή πληροφοριών: Vol. 22, issues 1-2 (2013) ; τίτλος από το εξώφυλλο.  
504 |a Περιλαμβάνει βιβλιογραφικές παραπομπές  
650 0 |a Hospitality industry  |x Management. 
853 |a INST  |b CHIOS  |h 647.940688 JOU 
970 |a Σπέντζα  |b Ελένη  |z 20-05-2016 
920 |a Σιγάλα  |b Μαριάννα  |y Χίος  |z 2013-10